| 000 | 00617nam a2200217 a 4500 | ||
|---|---|---|---|
| 001 | 11507 | ||
| 003 | BD-RjUL | ||
| 005 | 20211208235134.0 | ||
| 008 | 161116s1964 nyub 000 0 eng | ||
| 035 | _a(BD-RjUL)11556 | ||
| 040 |
_aDLC _cODaWU _dBD-RjUL _beng |
||
| 041 | _aeng | ||
| 082 |
_223 _a301 _bCOR 1964 |
||
| 100 | 1 |
_aCoon, Carleton S. _q(Carleton Stevens), _d1904-1981, _935595 |
|
| 245 | 1 | 2 |
_aA reader in general anthropology / _cCarleton S Coon |
| 260 |
_aNew York : _bH. Holt , _cc1948. |
||
| 300 |
_ax, 624 p. : _bill. ; _c25 cm. |
||
| 650 | 0 |
_aAnthropology. _935596 |
|
| 942 |
_2ddc _cBK |
||
| 999 |
_c11507 _d11507 |
||